| 000 | 00506nam a22001937a 4500 | ||
|---|---|---|---|
| 008 | 150521b xxu||||| |||| 00| 0 eng d | ||
| 020 | _a9780071629102 | ||
| 041 | 0 | _aeng | |
| 080 | _a623.8 | ||
| 100 | 1 | _aMarchaj, Czesław A. | |
| 245 | 1 | 0 |
_aAero-hydrodynamics of sailing / _cC.A. Marchaj. |
| 250 | _a3rd ed. | ||
| 260 |
_aLondon : _bAdlard Coles Nautical, _c2000. |
||
| 300 |
_a763 f. : _bme il.; _c27 cm. |
||
| 650 | 0 | _aAero-dinamika | |
| 650 | 0 | _aHidro-dinamika | |
| 650 | 0 | _aAnijet | |
| 942 |
_2udc _cBK |
||
| 999 |
_c893 _d893 |
||